Μελέτη επιπτώσεων της κλιματικής αλλαγής στη γεωργία για την περιοχή της Κρήτης : διπλωματική εργασία
Αποθηκεύτηκε σε:
| Κύριος συγγραφέας: | |
|---|---|
| Συγγραφή απο Οργανισμό/Αρχή: | |
| Άλλοι συγγραφείς: | |
| Μορφή: | Thesis Βιβλίο |
| Γλώσσα: | Greek |
| Δημοσίευση: |
2012.
|
| Θέματα: | |
| Διαθέσιμο Online: | http://hdl.handle.net/11610/6060 |
| Ετικέτες: |
Προσθήκη ετικέτας
Δεν υπάρχουν, Καταχωρήστε ετικέτα πρώτοι!
|
MARC
| LEADER | 00000cam a2200000 i 4500 | ||
|---|---|---|---|
| 001 | 1/18973 | ||
| 008 | 120425s2012 gr | ||| |||| ||gre|| | ||
| 035 | |l 10112263 | ||
| 040 | |a GR-MyUa |b gre |e AACR2 | ||
| 041 | 0 | |a gre | |
| 082 | 7 | |a 551.6 |2 (22) | |
| 100 | 1 | |a Πέτσα, Αικατερίνη. | |
| 245 | 1 | 0 | |a Μελέτη επιπτώσεων της κλιματικής αλλαγής στη γεωργία για την περιοχή της Κρήτης : |b διπλωματική εργασία / |c επιμέλεια εργασίας: Πέτσα Αικατερίνη ; Κωστοπούλου Ευθυμία (επιβλέπουσα). |
| 260 | |c 2012. | ||
| 300 | |a 74 σ. : |b πίν. ; |c 30 εκ. | ||
| 502 | |a Πτυχιακή εργασία – Πανεπιστήμιο Αιγαίου, Λέσβος, 2012. | ||
| 504 | |a Βιβλιογραφία: σ. 71-72. | ||
| 650 | 0 | |a Soils and climate |z Greece |z Crete. | |
| 650 | 0 | |a Dissertations, Academic |z Greece. | |
| 651 | 0 | |a Crete (Greece) |x Climate |x Observations. | |
| 700 | 1 | |a Κωστοπούλου, Ευθυμία, |e dgsf [Επιβλέπουσα καθηγήτρια] | |
| 710 | 2 | |a Πανεπιστήμιο Αιγαίου. |b Σχολή Κοινωνικών Επιστημών. |b Τμήμα Γεωγραφίας. | |
| 852 | |a INST |b LESVOS |c DIATR |e 20120425 |h 663 |p 005100050469 |q 005100050469 |t DIE |y 23 | ||
| 852 | |a INST |b LESVOS |c DIATR |e 20120425 |h 664 |p 005100050468 |q 005100050468 |t DIE |y 23 | ||
| 856 | |u http://hdl.handle.net/11610/6060 | ||
| 901 | |a BIBL1-2012-1 | ||
| 924 | |a ΠΕΤΣΑ |b ΑΙΚΑΤΕΡΙΝΗ |y Λέσβος |z 2012-02 | ||
| 970 | |a ΤΖΑΦΕΡΗ |b ΕΥΑΓΓΕΛΙΑ |z 2012/04/25 | ||